Statistics for Earth, Wind & Fire - September lyrics Quiz

Click here to take the quiz!

General Stats

  • This quiz has been taken 127 times
  • The average score is 27 of 70

Answer Stats

Number of times saidLyrics% Correct
10Remember
98%
9You
98%
7Do
98%
7September
97%
10The
94%
5A
89%
2Of
78%
3Night
78%
8In
76%
121st
73%
8Was
70%
5Dancing
67%
4We
64%
6Love
61%
4Day
60%
2Away
57%
6Say
52%
2To
49%
4Cloudy
49%
3Never
47%
2That
44%
5Were
44%
1Changing
42%
3Our
41%
3And
40%
1Heart
38%
1December
38%
1Chasing
38%
1Mind
36%
1Clouds
36%
1Your
35%
2Singing
35%
2Ringing
33%
1Pretenders
32%
1Now
32%
1Share
30%
2With
29%
1Hearts
29%
1My
28%
1Stay
27%
1Are
27%
1While
26%
1Key
26%
1Here
26%
2How
26%
1Danced
26%
1Shared
24%
2Souls
24%
1As
23%
1Today
22%
2Talk
20%
2Only
20%
1See
19%
1True
19%
2Blue
19%
1Thought
17%
1Found
17%
1Hands
16%
1Stars
16%
1Knew
16%
1Holding
15%
1Stole
14%
2There
14%
1Bell
11%
2Shiny
11%
2Golden
11%
2Days
11%
2Dreams
10%
1Every
9%
1We'll
3%

Score Distribution

Percentile by Number Answered

Percent of People with Each Score

Your Score History

You have not taken this quiz